LEADER 01187nam a2200265 i 4500 001 000000232113 003 CaOOAMICUS 005 20260423092457.0 008 140819s1969 gw u000 u ger u 013 $a211016 040 $aSeMil$bita 240 10$aBibbia. Nuovo Testamento. Epistole pastorali.$0(OLS)http://semarc/title/46963 245 14$aDie Pastoralbriefe /$cübersetzt und erklärt von Norbert Brox. 250 $a4., völlig neu bearbeitete Aufl. 260 $aRegensburg :$bFriedrich Pustet,$c1969. 300 $a342 p. ;$c23 cm. 490 0 $aRegensburger Neues Testament ;$v7 650 4$aBibbia. Nuovo Testamento. Epistole pastorali - Commentari, studi. critica e interpretazione.$0(OLS)http://semarc/subject/374 700 1 $aBrox, Norbert,$d<1935- >.$0(OLS)http://semarc/name/4435 830 0$aRegensburger Neues Testament ;$v7.$0(OLS)http://semarc/title/12261 850 $aSeMil 852 $aSeMil$W1$xVenegono$y1$m2Z III 121$j182459$B182459$CSeMilBibl$Z2$F193481 $81 996 $6245$aDie Pastoralbriefe$9(OLS)http://semarc/title/1075 996 $6260$aRegensburg :$bFriedrich Pustet$9(OLS)http://semarc/publisher/29640